000 00430nmm a2200145Ia 4500
008 251105s9999||||xx |||||||||||||||||und||
041 _aspa
100 _aMoratiel Villa, Félix José
245 0 _aSer feliz hoy, ahora
264 _a[Madrid, España] :
_bEditorial Club Universitario: ECU,
_c2015
300 _a99 páginas
650 _aReligion(s)
856 _uhttps://public.digitaliapublishing.com/a/171466
942 _cCF
999 _c105355
_d105355